000 01138nam a2200289Ia 4500
005 20260324143710.0
008 008 260324s9999 xx 000 0 eng d
020 _a9780203710180
037 _aEBOOK
040 _aCRL
040 _beng
040 _cCRL
041 _2eng
041 _aeng
084 _qCRL
100 _aThomas J. Bruno; James F. Ely; James C. Rainwater; Charles A. Eckert; Joan F. Brennecke; Michael Ekart; H. D. Cochran; Pablo G. Debenedetti; Katherine Shing; William A. Wakeham; VeLisa Vesovic; Joe W. Magee; Carlos Nieto De Castro; Michael C. Jones; Miriam L. Cygnarowicz; Warren D. Seider; Eric J. Beckman; G. Ali Mansoori; Richard K. Hess; Robert K. Roop; Aydin Akgerman; Benjamin C. Wu; Concetta LaMarca; Michael T. Klein; Lloyd L. Lee; Aydin Akqerman
_91216599
245 0 _aSupercritical Fluid Technology (1991)
245 0 _bReviews in Modern Theory and Applications
260 _bTaylor and Francis
260 _c1991
365 _a
365 _b720
856 _uhttp://www.taylorfrancis.com/books/9780203710180
942 _cEBOOK
999 _c1822307
_d1822307